Manuel Mora Valverde: benemérito de la Patria: un político con ética /
Sparad:
| Huvudupphovsman: | |
|---|---|
| Materialtyp: | Text |
| Ämnen: | |
| Taggar: |
Lägg till en tagg
Inga taggar, Lägg till första taggen!
|
MARC
| LEADER | 00000 a a2200000 04500 | ||
|---|---|---|---|
| 001 | 17085 | ||
| 003 | |||
| 040 | |||
| 100 | |a Merino del Río, José | ||
| 245 | |a Manuel Mora Valverde: benemérito de la Patria: un político con ética / |c José Merino del Río | ||
| 650 | |a POLITICA | ||
| 650 | |a ETICA | ||
| 650 | |a PARLAMENTO | ||
| 650 | |a PARTIDOS POLITICOS | ||
| 650 | |a GOBIERNO | ||
| 650 | |a DEMOCRACIA | ||
| 650 | |a OPINION | ||
| 773 | |g volumen 6, número 2; páginas 41-58 | ||
| 999 | |c 20854 |d 20854 | ||
